[Event "CZE-chT2A 1920"]
[Site "Czech Republic"]
[Date "2019.10.13"]
[Round "1.7"]
[White "Ptak, Pavel"]
[Black "Janeba, Petr"]
[Result "1-0"]
[WhiteElo "2048"]
[BlackElo "1771"]
[PlyCount "53"]
[EventDate "2019.10.13"]
[EventType "team-tourn"]
[EventRounds "11"]
[EventCountry "CZE"]
[SourceTitle "EXT 2024"]
[Source "ChessBase"]
[SourceDate "2023.10.10"]
[SourceVersion "1"]
[SourceVersionDate "2023.10.10"]
[SourceQuality "1"]
[WhiteTeam "Pisek"]
[BlackTeam "Strakonice"]
[WhiteTeamCountry "CZE"]
[BlackTeamCountry "CZE"]

1. d4 Nf6 2. g3 e6 3. Bg2 d5 4. Nf3 Be7 5. 0-0 0-0 6. c4 c6 7. Qc2 Nbd7 8. Nbd2 Re8 9. Rd1 Nf8 10. e4 dxe4 11. Nxe4 Nxe4 12. Qxe4 Qa5 13. Ne5 Bd7 14. a3 Rad8 15. Bd2 Qc7 16. Bf4 Qc8 17. Rac1 Bf6 18. b4 Ng6 19. Be3 Bxe5 20. dxe5 b6 21. Bg5 Ne7 22. Qh4 Ng6 23. Qh5 Ne7 24. Be4 h6 25. Bf6 Qc7 26. Qg4 g6 27. Qh4 1-0

[Event "Prague Prucha Memorial"]
[Site "Prague"]
[Date "2017.07.01"]
[Round "1"]
[White "Kratky, Josef"]
[Black "Ptak, Pavel"]
[Result "1/2-1/2"]
[WhiteElo "2075"]
[BlackElo "2120"]
[PlyCount "35"]
[EventDate "2017.07.01"]
[EventType "tourn"]
[EventRounds "9"]
[EventCountry "CZE"]
[SourceTitle "CBM 179 Extra"]
[Source "ChessBase"]
[SourceDate "2017.08.23"]
[SourceVersion "1"]
[SourceVersionDate "2017.08.23"]
[SourceQuality "1"]

1. d4 d5 2. Nf3 Nf6 3. g3 Bf5 4. Bg2 c6 5. c4 e6 6. Nc3 Nbd7 7. Qb3 Qb6 8. c5 Qc7 9. Bf4 Qc8 10. Nh4 Bg6 11. Nxg6 hxg6 12. e4 dxe4 13. Nxe4 Nxe4 14. Bxe4 Nf6 15. Bg2 Be7 16. Qc2 Qd7 17. Be5 Kf8 18. Rd1 1/2-1/2

[Event "CZE-chT2C 1516"]
[Site "Czech Republic"]
[Date "2016.02.07"]
[Round "7.2"]
[White "Ptak, Pavel"]
[Black "Soural, Jan"]
[Result "1/2-1/2"]
[WhiteElo "2123"]
[BlackElo "2166"]
[PlyCount "41"]
[EventDate "2015.10.18"]
[EventType "team-tourn"]
[EventRounds "11"]
[EventCountry "CZE"]
[SourceTitle "EXT 2022"]
[Source "ChessBase"]
[SourceDate "2021.10.06"]
[SourceVersion "1"]
[SourceVersionDate "2021.10.06"]
[SourceQuality "1"]
[WhiteTeam "Pisek"]
[BlackTeam "Pankrac II"]
[WhiteTeamCountry "CZE"]
[BlackTeamCountry "CZE"]

1. d4 Nf6 2. c4 g6 3. Nc3 d5 4. cxd5 Nxd5 5. e4 Nxc3 6. bxc3 Bg7 7. Bg5 c5 8. Rc1 0-0 9. Nf3 Bg4 10. d5 Qa5 11. Qb3 Qc7 12. h3 Bxf3 13. gxf3 Kh8 14. Bd3 f5 15. exf5 c4 16. Qxc4 Qxc4 17. Bxc4 Rxf5 18. Be3 Nd7 19. Ke2 Ne5 20. Bb3 b5 21. Rhd1 1/2-1/2

[Event "CZE-chT2C 1516"]
[Site "Czech Republic"]
[Date "2015.12.06"]
[Round "4.4"]
[White "Petr, Jan1111"]
[Black "Ptak, Pavel"]
[Result "1-0"]
[WhiteElo "2315"]
[BlackElo "2123"]
[PlyCount "57"]
[EventDate "2015.10.18"]
[EventType "team-tourn"]
[EventRounds "11"]
[EventCountry "CZE"]
[SourceTitle "EXT 2022"]
[Source "ChessBase"]
[SourceDate "2021.10.06"]
[SourceVersion "1"]
[SourceVersionDate "2021.10.06"]
[SourceQuality "1"]
[WhiteTeam "Praha Bohemians"]
[BlackTeam "Pisek"]
[WhiteTeamCountry "CZE"]
[BlackTeamCountry "CZE"]

1. e4 g6 2. d4 Bg7 3. Nc3 Nc6 4. d5 Nb4 5. a3 Na6 6. Be3 d6 7. Bxa6 bxa6 8. Nge2 Nf6 9. 0-0 0-0 10. h3 e5 11. Ng3 Nd7 12. Qd2 f5 13. exf5 gxf5 14. f4 Qh4 15. Nce2 Nb6 16. b3 Kh8 17. fxe5 Qe7 18. exd6 cxd6 19. Bd4 Be5 20. c4 a5 21. a4 Rb8 22. Rae1 Qg7 23. Nh5 Qf7 24. Neg3 Ba6 25. Rxe5 dxe5 26. Bxe5+ Kg8 27. Bxb8 Rxb8 28. Rxf5 Qe7 29. Rg5+ 1-0

[Event "Wroclaw op 9th"]
[Site "Wroclaw"]
[Date "2014.06.29"]
[Round "1"]
[White "Dadello, Aleksandra"]
[Black "Ptak, Pavel"]
[Result "1-0"]
[WhiteElo "1880"]
[BlackElo "2085"]
[PlyCount "59"]
[EventDate "2014.06.29"]
[EventType "swiss"]
[EventRounds "9"]
[EventCountry "POL"]
[SourceTitle "EXT 2015"]
[Source "ChessBase"]
[SourceDate "2014.11.20"]
[SourceVersion "1"]
[SourceVersionDate "2014.11.20"]
[SourceQuality "1"]

1. e4 e5 2. Nf3 Nc6 3. Bc4 Bc5 4. c3 d6 5. d3 Bg4 6. b4 Bb6 7. Nbd2 Nf6 8. 0-0 0-0 9. Re1 Ne7 10. Nf1 Ng6 11. h3 Be6 12. Bb3 h6 13. Ng3 Qd7 14. d4 c6 15. Bxe6 Qxe6 16. Qc2 Ne7 17. Nf5 Nd7 18. N3h4 Nc8 19. Qd3 g5 20. Qg3 Kh7 21. Nf3 f6 22. h4 Bd8 23. Qh3 Rg8 24. d5 cxd5 25. exd5 Qxd5 26. hxg5 Rg6 27. Nxh6 fxg5 28. Qxd7+ Kxh6 29. Qxd8 e4 30. Qh8# 1-0

[Event "CZE-chT2A 1112"]
[Site "Czech Republic"]
[Date "2012.02.19"]
[Round "8"]
[White "Hruby, Milan"]
[Black "Ptak, Pavel"]
[Result "1/2-1/2"]
[WhiteElo "2107"]
[BlackElo "2180"]
[PlyCount "30"]
[EventDate "2011.10.09"]
[EventType "team-tourn"]
[EventRounds "11"]
[EventCountry "CZE"]
[SourceTitle "EXT 2013"]
[Source "ChessBase"]
[SourceDate "2012.11.22"]
[SourceVersion "1"]
[SourceVersionDate "2012.11.22"]
[SourceQuality "1"]
[WhiteTeam "Tabor Sokol"]
[BlackTeam "Pisek"]
[WhiteTeamCountry "CZE"]
[BlackTeamCountry "CZE"]

1. e4 g6 2. d4 Bg7 3. Nc3 Nc6 4. d5 Nd4 5. Nb1 c6 6. c3 Nb5 7. Bxb5 cxb5 8. Na3 a6 9. Nf3 d6 10. 0-0 Nf6 11. Qd3 0-0 12. Be3 Bd7 13. Rfe1 Qa5 14. Nc2 Rac8 15. Bd4 Ng4 1/2-1/2